Ekonomická úroveň jako faktor závislosti země na zahraničním obchodu výzkumná práce č. 169

Saved in:
Bibliographic Details
Main Author: Fialová, Helena
Format: Book
Language:Czech
Published: Praha Výzkumný ústav národohospodářského plánování 1969
Tags: Add Tag
No Tags, Be the first to tag this record!

MARC

LEADER 00000nam a2200000 4500
001 c111306
005 20260323070309.8
041 0 |a cze 
044 |a CZ 
245 1 0 |a Ekonomická úroveň jako faktor závislosti země na zahraničním obchodu  |b výzkumná práce č. 169  |c Helena Fialová 
264 1 |a Praha  |b Výzkumný ústav národohospodářského plánování  |c 1969 
300 |a 133 s. 
100 1 |a Fialová, Helena